000 00261nam a2200109Ia 4500
008 220204s9999 xx 000 0 und d
082 _a82-3
_bTWA
100 _aTwain, Mark
245 4 _aThe Adventures of Tom Sawyer
260 _aNew Delhi
_bS Chand
942 _cBK
999 _c35515
_d35515